Bayesian Statistics the Fun Way : Understanding Statistics and Probability with Star Wars, LEGO, and Rubber Ducks /

Salvato in:
Dettagli Bibliografici
Autore principale: Kurt, Will (Autore)
Natura: Libro
Lingua:inglese
Pubblicazione: San Francisco, no starch press, 2019
Edizione:1. vyd.
Soggetti:
Accesso online:https://nostarch.com/learnbayes
Tags: Aggiungi Tag
Nessun Tag, puoi essere il primo ad aggiungerne!!

MARC

LEADER 00000nam a22000003a 4500
001 0075807
003 SK-STU
005 20190918114335.6
007 ta
008 190918s ----xo-----e------000-0-----d
020 |a 978-1-59327-956-1 
040 |a STU  |b slo 
041 0 |a eng 
044 |a xxu 
100 1 |a Kurt, Will  |4 aut  |r Z6 
245 1 0 |a Bayesian Statistics the Fun Way :  |b Understanding Statistics and Probability with Star Wars, LEGO, and Rubber Ducks /  |c aut. Will Kurt 
250 |a 1. vyd. 
260 |a San Francisco,  |b no starch press,  |c 2019 
300 |a 234 s. 
650 0 7 |a bayesovská štatistická teória rozhodovania 
856 4 0 |u https://nostarch.com/learnbayes 
996 |c I*8M13306  |l I  |s A  |a 24  |w 0075807_0001